Ganancias 2008 (Registro nro. 530)
[ vista simple ]
| 000 -LEADER | |
|---|---|
| fixed length control field | 01689 a2200229 4500 |
| 001 - CONTROL NUMBER | |
| control field | 13629 |
| 005 - DATE AND TIME OF LATEST TRANSACTION | |
| control field | 20260407155443.0 |
| 008 - FIXED-LENGTH DATA ELEMENTS--GENERAL INFORMATION | |
| fixed length control field | 260407a2008 arg spa d |
| 003 - CONTROL NUMBER IDENTIFIER | |
| control field | AR-UNSa-BCEJYS |
| 040 ## - CATALOGING SOURCE | |
| Original cataloging agency | AR-UNSa-BCEJYS |
| Language of cataloging | spa |
| Transcribing agency | AR-UNSa-BCEJYS |
| 080 ## - UNIVERSAL DECIMAL CLASSIFICATION NUMBER | |
| Universal Decimal Classification number | 336.226.1 |
| Common auxiliary subdivision | Impuestos a las ganancias o los beneficios (Impuesto Diferido) |
| 020 ## - INTERNATIONAL STANDARD BOOK NUMBER | |
| International Standard Book Number | 978-987-1140-98-5 |
| 100 1# - MAIN ENTRY--PERSONAL NAME | |
| Personal name | Rodríguez, Marcelo Daniel |
| 245 10 - TITLE STATEMENT | |
| Title | Ganancias 2008 |
| Name of part/section of a work | actualización y novedades |
| 264 #1 - PRODUCTION, PUBLICATION, DISTRIBUTION, MANUFACTURE, AND COPYRIGHT NOTICE | |
| Place of production, publication, distribution, manufacture | Buenos Aires : |
| Name of producer, publisher, distributor, manufacturer | Osmar D. Buyatti |
| Date of production, publication, distribution, manufacture, or copyright notice | 2008 |
| 300 ## - PHYSICAL DESCRIPTION | |
| Extent | 197 p. |
| Dimensions | 28 cm. |
| 505 ## - FORMATTED CONTENTS NOTE | |
| Formatted contents note | 1.Impuesto a las ganancias 2008 novedades - 2.Impuesto sobre los bienes personales 2008 novedades - 3.Impuesto a la ganancia minima presunta 2008 novedades - 4.Rentas en relación de dependencia, modificaciones al regimen de retención - 5.Aplicativos gananciales y bienes personales - 6.Impuesto a las ganancias preguntas frecuentes - 7.Impuesto sobre los bienes personales preguntas frecuentes - 8.Esquema de liquidación para personas fisicas y sucesiones indivisas - 9.El cierre de la declaración jurada del impuesto a las ganancias y el cuadro de justificacion patrimonial - 10.Bienes personales acciones y participaciones sociales responsables sustitutos - 11.Fideicomisos no financieros tratamiento en el impuesto sobre los bienes personales - 12.Liquidacion del impuesto a las ganancias y sobre los bienes personales caso practico - 13.Datos utiles para la liquidación del periodo fiscal 2008. |
| 590 ## - LOCAL NOTE (RLIN) | |
| Local note | niveau_biblio:m niveau_hierar:0 |
| 700 1# - ADDED ENTRY--PERSONAL NAME | |
| Personal name | Caranta, Martín R. |
| 856 41 - ELECTRONIC LOCATION AND ACCESS | |
| Uniform Resource Identifier | <a href="https://biblioeco.unsa.edu.ar/pmb/images/libros/Ganancias 2008 2-l118581.jpg">https://biblioeco.unsa.edu.ar/pmb/images/libros/Ganancias 2008 2-l118581.jpg</a> |
| Link text | Imagen de portada |
| Electronic format type | image/jpeg |
| 942 ## - ADDED ENTRY ELEMENTS (KOHA) | |
| Koha item type | |
| Withdrawn status | Lost status | Damaged status | Not for loan | Home library | Current library | Shelving location | Date acquired | Total checkouts | Full call number | Barcode | Date last seen | Price effective from | Koha item type |
|---|---|---|---|---|---|---|---|---|---|---|---|---|---|
| Biblioteca Prof. Eusebio Cleto del Rey | Biblioteca Prof. Eusebio Cleto del Rey | 07/04/2026 | 336.226.1 R696g | L118581 | 07/04/2026 | 07/04/2026 | Libro |